00646nam a2200229 a 4500001001300000003000900013005001700022008004100039020001000080082001500090100001800105245002900123260004000152300000900192500003500201505001000236650002500246902000800271942000700279952011500286999001500401nice12345678IN_TiNIC20260116011813.0050524s1964 roma grp 000 0 eng  ac10000a723.4bCAI aCairola, Aldo aPlazzo Pubblico of Siena aRomabMote Dri Paschi Disienac1964 a260p aincludes index and biblioraphy2 aIndex aArchitecture-Italian bRHR cBK 001040708ReferHall-aHMIbHMId2008-01-10g100.00l0o723.4 CAIp05751r2008-01-10v100.00w2005-05-24yBK c4098d4098